| 000 | 00566nam a22001697a 4500 | ||
|---|---|---|---|
| 003 | OSt | ||
| 005 | 20130613130754.0 | ||
| 008 | 130613s1972 sp ||||| |||| 00| 0 spa d | ||
| 040 | _cCDMR | ||
| 245 | 0 | 4 | _aLos medios de información en un mundo de violencia |
| 260 |
_aMadrid _bServicio Informativo Documental Español _c1972 |
||
| 300 | _a51 p. | ||
| 490 | 0 |
_aTextos y documentos. Temas políticos y sociales _v16 |
|
| 650 | 0 | 4 |
_92772 _aViolència en els mitjans de comunicació de massa |
| 710 | 2 |
_93753 _aServicio Informativo Documental Español |
|
| 942 |
_2udc _cFULLET |
||
| 999 |
_c6460 _d6460 |
||